000
00294nam a22001337a 4500
020
_a
NA
082
_2
22
_a
658
100
_a
Robbins, Stephen P. and Coulter, Mary.
245
_a
Management /
250
_a
8th ed.
260
_b
Prentice Hall,
_c
c2005.
300
_a
0
_b
ill. ;
942
_2
ddc
_c
MAG
999
_c
4201
_d
4201